000 00624nam a2200169 i 4500
001 52781
003 ES-MaACL
005 20230906162638.0
007 t|
008 030904s1928 sp ||||1| spa d
245 0 0 _aDecreto por el cual se constituyó la Sociedad Mutualista "EL Seguro del Maestro" de fecha 5 de diciembre de 1928.
260 _aMéxico :
_bLa Nación,
_c1933.
300 _a11 p. ;
_c22 cm.
500 _aPrecede al tít.: Secretaría de Educación Pública. Departamento de Enseñanza Primaria y Normal.
710 1 _aMéxico.
_bSecretaría de Educación Pública.
_95705
852 _aES-MaACL
_j1793-F-11
999 _c52781
_d52781